| 000 | 01768nam1a2200349 i 4500 | ||
|---|---|---|---|
| 001 | RU\NLR\bibl\1118091 | ||
| 005 | 20240920150413.0 | ||
| 035 | _a(NLR Aleph) 001105086 | ||
| 090 |
_a1202688 _c1202688 |
||
| 100 | _a20070817g20079999u y0rusy50 ca | ||
| 101 | 0 | _arus | |
| 102 | _aRU | ||
| 105 | _ay ||||||||| | ||
| 200 | 1 |
_aПроблемы кадастровой оценки земель сельскохозяйственного назначения _fВ.А. Махт, В.А. Руди, Н.В. Осинцева _gМ-во сел. хоз-ва Рос. Федерации, ФГОУ ВПО Ом. гос. аграр. ун-т |
|
| 210 |
_aОмск _cОмское книжное изд-во _d2007 |
||
| 215 | _d21 | ||
| 300 | _aНа обороте тит. л. авт.: Махт В.А., Руди В.А., кандидаты экон. наук, профессора, Осинцева Н.В., к.э.н., доц. | ||
| 463 | 0 | _10011105531 | |
| 463 | 0 | _10011284494 | |
| 606 | 1 |
_aПочвы _jМетодические пособия _xОценка _xМетодика и техника _92394128 _3RU\NLR\auth\661427520 |
|
| 606 | 1 |
_aСельскохозяйственные земли _jМетодические пособия _xОценка _yРоссийская Федерация _92188457 _3RU\NLR\auth\661315680 |
|
| 686 | _aП034.4с1я8 | ||
| 686 | _aУ32(2)-517(2Р)я7 | ||
| 700 | 1 |
_aМахт _bВ. А. _gВладимир Адамович _4070 |
|
| 701 | 1 |
_aРуди _bВ. А. _gВиктор Александрович _4070 |
|
| 701 | 1 |
_aОсинцева _bНонна Владимировна _4070 |
|
| 801 | 0 |
_aRU _bNLR _c20070817 _gRCR |
|
| 801 | 1 |
_aRU _bNLR _c20070817 |
|
| 830 | _aавт. по кн. | ||
| 852 |
_aNLR _j2007-3/19674 |
||
| 942 | _cBOOK | ||